Changing patterns of work and working-time for men and women: towards the integration or the segmentation of the labour market
Αποθηκεύτηκε σε:
| Κύριος συγγραφέας: | |
|---|---|
| Άλλοι συγγραφείς: | , |
| Μορφή: | Βιβλίο |
| Γλώσσα: | English |
| Δημοσίευση: |
Manchester, U.K :
Manchester School of Management,
1994
|
| Θέματα: | |
| Ετικέτες: |
Προσθήκη ετικέτας
Δεν υπάρχουν, Καταχωρήστε ετικέτα πρώτοι!
|
MARC
| LEADER | 00000nam a2200000 i 4500 | ||
|---|---|---|---|
| 001 | 1/2402 | ||
| 008 | 000430s1994 eng d | ||
| 020 | |a 1-871782-75-9 | ||
| 035 | |l 10060404 | ||
| 040 | |a GR-MY-UA |b gre |e aacr | ||
| 041 | 0 | |a eng | |
| 082 | 0 | |a 331.257495 | |
| 100 | 1 | |a Καβουριάρης, Μάκης. | |
| 245 | 1 | 0 | |a Changing patterns of work and working-time for men and women: towards the integration or the segmentation of the labour market / |c Makis Cavouriaris, Maria Karamessini, Haris Symeonidou |
| 260 | |a Manchester, U.K : |b Manchester School of Management, |c 1994 | ||
| 650 | 0 | 0 | |a Hours of labor |z Greece. |
| 650 | 0 | 0 | |a Labor time |z Greece. |
| 650 | 0 | 0 | |a Hours of labor, Flexible. |
| 700 | 1 | |a Καραμεσίνη, Μαρία. | |
| 700 | 1 | |a Συμεωνίδου-Αλατοπούλου, Χάρη. | |
| 852 | |a INST |b LESVOS |e 20000430 |h 331.257495 CAV |p 005100021193 |q 005100021193 |t BK |y 0 | ||
| 901 | |a BIBL1-2000-2 | ||
| 909 | |a Λ |b 059940 | ||
| 922 | |a 1ΕΛΗ |b 199810 |c ΚΠΣ/ΤΓ |d ΠΑΠΑΣΩΤΗΡΙΟΥ | ||
| 970 | |z 2000/04/ΜΙΧΑΗΛΙΔΟΥ ΑΝΝΑ | ||